00512nam a2200193 a 4500001001300000003000900013005001700022008004100039020002300080082001600103100002000119245003600139260003500175300000900210500003500219505003300254650001100287700002000298nice12345678IN_TiNIC20260116013721.0050524s1997 dela grp 000 0 eng  a8174882 c50000a297.4bTAH1 aTaher, Mohammed aSufismb Evolution and Practice aDelhibAnmol Publishers c1997 a265p aincludes index and biblioraphy2 aSelected Bibliography, Index aSufism1 aTaher, Mohammed